[Event "Montreal Mercredi 08"]
[Site "Montreal CAN"]
[Date "2012.09.05"]
[Round "2"]
[White "Morin, Louis"]
[Black "Lacroix, Serge"]
[Result "1-0"]
[WhiteElo "1834"]
[BlackElo "1795"]
[PlyCount "115"]
[GameId "2160767909445460"]
[EventDate "2012.08.29"]
[EventType "swiss"]
[EventRounds "5"]
[EventCountry "CAN"]
[SourceTitle "EXT 2022"]
[Source "ChessBase"]
[SourceDate "2021.10.06"]
[SourceVersion "1"]
[SourceVersionDate "2021.10.06"]
[SourceQuality "1"]

1. e4 e5 2. Nf3 Nf6 3. Nxe5 d6 4. Nxf7 Kxf7 5. Bc4+ Be6 6. Bxe6+ Kxe6 7. d4 Kf7 8. O-O Qd7 9. Nc3 c6 10. f4 Kg8 11. Qf3 d5 12. e5 Ne4 13. Nxe4 dxe4 14. Qxe4 Qd5 15. Qe2 b5 16. Be3 Be7 17. f5 Nd7 18. f6 gxf6 19. Qg4+ Kf8 20. e6 h5 21. Qg6 Qxe6 22. Bh6+ Rxh6 23. Qxh6+ Ke8 24. Rae1 Qf7 25. Qh8+ Qf8 26. Qxh5+ Kd8 27. Re6 Kc7 28. Qh7 Re8 29. Qe4 Nb8 30. Re1 Kd8 31. g3 f5 32. Qf3 f4 33. Kg2 Qg7 34. Qxf4 Nd7 35. Rxc6 Rf8 36. Qc7+ Ke8 37. Qc8+ Kf7 38. Qxd7 Qg5 39. Qxe7+ Qxe7 40. Rxe7+ Kxe7 41. Rc7+ Ke6 42. Rxa7 Kd5 43. c3 Re8 44. Kf2 Rf8+ 45. Ke3 Re8+ 46. Kd3 Rf8 47. Re7 Rf1 48. Re5+ Kc6 49. Re2 Rg1 50. b3 Kd5 51. c4+ bxc4+ 52. bxc4+ Kd6 53. Ke4 Rc1 54. c5+ Ke6 55. d5+ Ke7 56. h4 Rxc5 57. Kd4+ Kf6 58. Kxc5 1-0

[Event "Montreal Mercredi 08"]
[Site "Montreal CAN"]
[Date "2012.09.05"]
[Round "2"]
[White "Nardone, Raul"]
[Black "Weston, Paul"]
[Result "0-1"]
[WhiteElo "1838"]
[BlackElo "1912"]
[PlyCount "90"]
[GameId "2160767909445461"]
[EventDate "2012.08.29"]
[EventType "swiss"]
[EventRounds "5"]
[EventCountry "CAN"]
[SourceTitle "EXT 2022"]
[Source "ChessBase"]
[SourceDate "2021.10.06"]
[SourceVersion "1"]
[SourceVersionDate "2021.10.06"]
[SourceQuality "1"]

1. e4 e5 2. Nf3 Nc6 3. Bb5 a6 4. Ba4 Nf6 5. O-O Be7 6. Re1 b5 7. Bb3 O-O 8. a4 b4 9. c3 d5 10. exd5 Nxd5 11. Nxe5 Nxe5 12. Rxe5 Nf6 13. d4 Bd6 14. Re1 Ng4 15. g3 Nxh2 16. Re4 Qd7 17. Rh4 Ng4 18. Qf3 Rb8 19. Bd1 Re8 20. Bd2 Nf6 21. c4 Bb7 22. d5 c6 23. Bb3 cxd5 24. cxd5 Bc5 25. Qd3 g6 26. a5 Ng4 27. Ba4 Nxf2 28. Bxd7 Nxd3+ 29. Kf1 Re7 30. Bc6 Bd6 31. Rd4 Ne5 32. Bxb4 Bxc6 33. Bxd6 Bb5+ 34. Kg2 Nc6 35. Rd2 Re1 36. Bxb8 Nxb8 37. b4 Nd7 38. Rb2 Ne5 39. d6 Bf1+ 40. Kg1 Bb5+ 41. Kh2 Ng4+ 42. Kh3 f5 43. Kh4 h6 44. Rh2 g5+ 45. Kh5 Be8# 0-1

[Event "Montreal Mercredi 08"]
[Site "Montreal CAN"]
[Date "2012.09.05"]
[Round "2"]
[White "Ramaswamy, Kiran"]
[Black "Gauthier, Denis"]
[Result "0-1"]
[WhiteElo "2006"]
[BlackElo "1992"]
[PlyCount "64"]
[GameId "2160767909445462"]
[EventDate "2012.08.29"]
[EventType "swiss"]
[EventRounds "5"]
[EventCountry "CAN"]
[SourceTitle "EXT 2022"]
[Source "ChessBase"]
[SourceDate "2021.10.06"]
[SourceVersion "1"]
[SourceVersionDate "2021.10.06"]
[SourceQuality "1"]

1. c4 c5 2. g3 g6 3. Bg2 Bg7 4. Nf3 Nc6 5. O-O d6 6. Nc3 e5 7. d3 Nge7 8. Bd2 O-O 9. Nd5 Nxd5 10. cxd5 Ne7 11. e4 f5 12. Qc1 f4 13. Rb1 h6 14. gxf4 exf4 15. Bxf4 Bg4 16. Qe3 Bxf3 17. Bxf3 Nxd5 18. exd5 Qf6 19. Qe6+ Kh7 20. Bxd6 Qxf3 21. Bxf8 Rxf8 22. Rbe1 Rf5 23. Qe3 Rg5+ 24. Qxg5 hxg5 25. d6 Qg4+ 26. Kh1 Qd4 27. Re7 Qxd6 28. Rfe1 Kh6 29. R1e3 g4 30. h3 Bd4 31. R3e4 Qf6 32. f4 Qh4 0-1

[Event "Montreal Mercredi 08"]
[Site "Montreal CAN"]
[Date "2012.09.05"]
[Round "2"]
[White "Sonn, Eric"]
[Black "O'Connor, Michael"]
[Result "0-1"]
[WhiteElo "1566"]
[BlackElo "1619"]
[PlyCount "56"]
[GameId "2160767909445463"]
[EventDate "2012.08.29"]
[EventType "swiss"]
[EventRounds "5"]
[EventCountry "CAN"]
[SourceTitle "EXT 2022"]
[Source "ChessBase"]
[SourceDate "2021.10.06"]
[SourceVersion "1"]
[SourceVersionDate "2021.10.06"]
[SourceQuality "1"]

1. e4 c5 2. Nf3 Nc6 3. d4 cxd4 4. Nxd4 Nf6 5. Nc3 e5 6. Ndb5 d6 7. Bg5 a6 8. Na3 b5 9. Nd5 Be7 10. Bxf6 Bxf6 11. c4 b4 12. Nc2 a5 13. Qh5 O-O 14. Nce3 Bg5 15. h4 Bxe3 16. Nxe3 Nd4 17. Bd3 Ne6 18. g3 Nd4 19. Nd5 Be6 20. O-O-O Rc8 21. f4 f5 22. g4 Bxd5 23. exd5 e4 24. Bf1 Qb6 25. Qg5 Nf3 26. Qh5 Qe3+ 27. Kb1 Qxf4 28. b3 fxg4 0-1

[Event "Montreal Mercredi 08"]
[Site "Montreal CAN"]
[Date "2012.09.12"]
[Round "3"]
[White "Baran, Marius"]
[Black "Morin, Louis"]
[Result "1-0"]
[WhiteElo "1769"]
[BlackElo "1834"]
[PlyCount "97"]
[GameId "2160767909445464"]
[EventDate "2012.08.29"]
[EventType "swiss"]
[EventRounds "5"]
[EventCountry "CAN"]
[SourceTitle "EXT 2022"]
[Source "ChessBase"]
[SourceDate "2021.10.06"]
[SourceVersion "1"]
[SourceVersionDate "2021.10.06"]
[SourceQuality "1"]

1. d4 e5 2. d5 Bc5 3. e4 Qh4 4. Qe2 Nf6 5. Nd2 Ng4 6. g3 Bxf2+ 7. Qxf2 Nxf2 8. gxh4 Nxh1 9. Bg2 Na6 10. Nb3 Nb4 11. Kf1 Nxc2 12. Rb1 O-O 13. Bxh1 f5 14. Ke2 d6 15. Bd2 fxe4 16. Bxe4 Bg4+ 17. Nf3 a5 18. Rf1 a4 19. Bxc2 axb3 20. axb3 Ra2 21. Bc3 Rf4 22. Ke3 Bxf3 23. Rxf3 Rxh4 24. Bf5 g5 25. Be6+ Kg7 26. Rf7+ Kg6 27. h3 Ra8 28. Rxc7 Rf8 29. Rd7 Rhf4 30. Bg4 R8f6 31. Rxb7 h5 32. Be2 g4 33. hxg4 hxg4 34. Be1 e4 35. Rb8 Kh7 36. Re8 g3 37. Bxg3 Rf3+ 38. Bxf3 Rxf3+ 39. Kxe4 Rxg3 40. Rb8 Kg7 41. b4 Kf7 42. b5 Ke7 43. b6 Kd7 44. Rh8 Rb3 45. b7 Rxb7 46. Rh7+ Kc8 47. Rxb7 Kxb7 48. Kf5 Kb6 49. Ke6 1-0

[Event "Montreal Mercredi 08"]
[Site "Montreal CAN"]
[Date "2012.09.12"]
[Round "3"]
[White "Boudreau, Daniel"]
[Black "Ramaswamy, Kiran"]
[Result "1-0"]
[WhiteElo "1933"]
[BlackElo "2006"]
[PlyCount "101"]
[GameId "2160767909445465"]
[EventDate "2012.08.29"]
[EventType "swiss"]
[EventRounds "5"]
[EventCountry "CAN"]
[SourceTitle "EXT 2022"]
[Source "ChessBase"]
[SourceDate "2021.10.06"]
[SourceVersion "1"]
[SourceVersionDate "2021.10.06"]
[SourceQuality "1"]

1. e4 c5 2. Nf3 Nc6 3. Bb5 d6 4. Bxc6+ bxc6 5. O-O g6 6. c3 Bg7 7. h3 Nf6 8. e5 Nd5 9. exd6 Qxd6 10. Na3 Ba6 11. d3 Nb6 12. Re1 Bxd3 13. Bg5 f6 14. Bf4 e5 15. Re3 Rd8 16. Qe1 O-O 17. Rd1 c4 18. Nxc4 Nxc4 19. Rexd3 Qxd3 20. Rxd3 Rxd3 21. Qe2 Rfd8 22. Ne1 Rd1 23. Qxc4+ Kh8 24. Be3 Rxe1+ 25. Kh2 Rb1 26. b4 Ra1 27. Bxa7 f5 28. Bb6 Ra8 29. Qxc6 R1xa2 30. g3 f4 31. gxf4 exf4 32. Kg2 Rf8 33. Qd5 f3+ 34. Kg3 Ra1 35. Kh2 Re1 36. Bd4 h6 37. c4 Bxd4 38. Qxd4+ Kh7 39. c5 Rf5 40. h4 Rfe5 41. Kg3 R1e4 42. Qd7+ Re7 43. Qb5 Rc7 44. Qb6 Rf7 45. c6 g5 46. hxg5 h5 47. g6+ Kxg6 48. c7+ Rf6 49. Qxf6+ Kxf6 50. c8=Q Rxb4 51. Qc3+ 1-0

[Event "Montreal Mercredi 08"]
[Site "Montreal CAN"]
[Date "2012.09.12"]
[Round "3"]
[White "Boyer, Eric"]
[Black "Cote, Philippe"]
[Result "0-1"]
[WhiteElo "1637"]
[BlackElo "1655"]
[PlyCount "61"]
[GameId "2160767909445466"]
[EventDate "2012.08.29"]
[EventType "swiss"]
[EventRounds "5"]
[EventCountry "CAN"]
[SourceTitle "EXT 2022"]
[Source "ChessBase"]
[SourceDate "2021.10.06"]
[SourceVersion "1"]
[SourceVersionDate "2021.10.06"]
[SourceQuality "1"]

1. d4 d6 2. Nf3 Nf6 3. c4 g6 4. Nc3 Bg7 5. e4 O-O 6. Be2 e5 7. Bg5 Nc6 8. d5 Ne7 9. O-O h6 10. Be3 Nd7 11. Qd2 Kh7 12. Ne1 f5 13. f4 Nf6 14. exf5 gxf5 15. Nf3 Ng4 16. fxe5 dxe5 17. Bc5 Ng6 18. h3 Re8 19. hxg4 fxg4 20. Nh2 g3 21. Bf2 gxf2+ 22. Rxf2 e4 23. Qe3 Qh4 24. g4 Be5 25. Rg2 Nf4 26. Qxe4+ Kh8 27. Nf3 Nh3+ 28. Kf1 Qf6 29. Qd3 Nf4 30. g5 Qg6 31. Qc2 0-1

[Event "Montreal Mercredi 08"]
[Site "Montreal CAN"]
[Date "2012.09.12"]
[Round "3"]
[White "Cloutier, Mathieu"]
[Black "Cardin, Guillaume"]
[Result "1-0"]
[WhiteElo "2059"]
[BlackElo "2094"]
[PlyCount "77"]
[GameId "2160767909445467"]
[EventDate "2012.08.29"]
[EventType "swiss"]
[EventRounds "5"]
[EventCountry "CAN"]
[SourceTitle "EXT 2022"]
[Source "ChessBase"]
[SourceDate "2021.10.06"]
[SourceVersion "1"]
[SourceVersionDate "2021.10.06"]
[SourceQuality "1"]

1. e4 c5 2. Nf3 e6 3. d4 cxd4 4. Nxd4 a6 5. Bd3 Bc5 6. Nb3 Be7 7. O-O d6 8. Be3 Nf6 9. Nc3 Nbd7 10. a4 b6 11. f4 Bb7 12. Qe1 Qc7 13. h3 Nc5 14. a5 b5 15. Nd2 Nfd7 16. Qg3 Bf6 17. e5 dxe5 18. Nce4 Nxe4 19. Nxe4 Bxe4 20. Bxe4 Rc8 21. f5 Nc5 22. Bxc5 Qxc5+ 23. Kh1 Qd4 24. Qf3 O-O 25. Rad1 Qxb2 26. Rd7 Rxc2 27. fxe6 Rc1 28. exf7+ Kh8 29. Rxc1 Qxc1+ 30. Rd1 Qf4 31. Qxf4 exf4 32. Rd6 Rxf7 33. Rxa6 Rd7 34. Rb6 Bh4 35. g3 fxg3 36. a6 g6 37. Rb8+ Kg7 38. Rb7 g2+ 39. Kxg2 1-0

[Event "Montreal Mercredi 08"]
[Site "Montreal CAN"]
[Date "2012.09.12"]
[Round "3"]
[White "Gauthier, Denis"]
[Black "Nardone, Raul"]
[Result "1-0"]
[WhiteElo "1992"]
[BlackElo "1838"]
[PlyCount "67"]
[GameId "2160767909445468"]
[EventDate "2012.08.29"]
[EventType "swiss"]
[EventRounds "5"]
[EventCountry "CAN"]
[SourceTitle "EXT 2022"]
[Source "ChessBase"]
[SourceDate "2021.10.06"]
[SourceVersion "1"]
[SourceVersionDate "2021.10.06"]
[SourceQuality "1"]

1. d4 d5 2. c4 c6 3. Nf3 Nf6 4. e3 a6 5. Nbd2 Bf5 6. Be2 e6 7. Nh4 Bg6 8. O-O Bd6 9. h3 Nbd7 10. b3 O-O 11. Bb2 Qe7 12. Nxg6 hxg6 13. Qc2 e5 14. dxe5 Nxe5 15. Rac1 Rac8 16. cxd5 Nxd5 17. Nc4 Nxc4 18. Bxc4 Nf6 19. Qxg6 Be5 20. Bxe5 Qxe5 21. Qc2 b5 22. Be2 Nd5 23. a3 c5 24. Bf3 c4 25. Rfd1 Nb6 26. Qc3 Qxc3 27. Rxc3 Rcd8 28. bxc4 Rxd1+ 29. Bxd1 Rd8 30. Be2 bxc4 31. Kf1 Kf8 32. Ke1 Ke7 33. h4 Kd6 34. Bxc4 1-0

[Event "Montreal Mercredi 08"]
[Site "Montreal CAN"]
[Date "2012.09.12"]
[Round "3"]
[White "Gauthier, Luc"]
[Black "Lopez Linares, Cesar"]
[Result "0-1"]
[WhiteElo "1729"]
[BlackElo "1694"]
[PlyCount "66"]
[GameId "2160767909445469"]
[EventDate "2012.08.29"]
[EventType "swiss"]
[EventRounds "5"]
[EventCountry "CAN"]
[SourceTitle "EXT 2022"]
[Source "ChessBase"]
[SourceDate "2021.10.06"]
[SourceVersion "1"]
[SourceVersionDate "2021.10.06"]
[SourceQuality "1"]

1. e4 e6 2. d4 d5 3. e5 c5 4. c3 Nc6 5. Nf3 Qb6 6. Bd3 cxd4 7. cxd4 Bd7 8. O-O Nxd4 9. Nxd4 Qxd4 10. Nc3 a6 11. Re1 Ne7 12. Qe2 Nc6 13. a3 Qb6 14. b4 Qd8 15. Bf4 Be7 16. Qg4 Kf8 17. Qh5 Kg8 18. Re3 Qe8 19. Rg3 f5 20. Qh6 Qf7 21. Re1 Kf8 22. Qh3 Nd8 23. Rxg7 Kxg7 24. Bh6+ Kg8 25. Re3 Bf8 26. Rg3+ Qg6 27. Qh5 Kf7 28. Rxg6 hxg6 29. Qg5 Rxh6 30. Qf6+ Kg8 31. g4 Rc8 32. Ne2 Nc6 33. g5 Be7 0-1

[Event "Montreal Mercredi 08"]
[Site "Montreal CAN"]
[Date "2012.09.12"]
[Round "3"]
[White "Lacroix, Serge"]
[Black "Barko, Maxim"]
[Result "1-0"]
[WhiteElo "1795"]
[BlackElo "1667"]
[PlyCount "51"]
[GameId "2160767909445470"]
[EventDate "2012.08.29"]
[EventType "swiss"]
[EventRounds "5"]
[EventCountry "CAN"]
[SourceTitle "EXT 2022"]
[Source "ChessBase"]
[SourceDate "2021.10.06"]
[SourceVersion "1"]
[SourceVersionDate "2021.10.06"]
[SourceQuality "1"]

1. e4 d5 2. exd5 Nf6 3. d4 Nxd5 4. Nf3 Bg4 5. Be2 e6 6. O-O Be7 7. c4 Nb6 8. Nc3 O-O 9. b3 N8d7 10. a4 Bb4 11. Bb2 a5 12. h3 Bh5 13. Ne5 Bxe2 14. Qxe2 Nf6 15. Rad1 c6 16. Rd3 Re8 17. Rfd1 Qc7 18. Ne4 Nxe4 19. Qxe4 Rad8 20. Qg4 Bf8 21. Rg3 f6 22. Nd3 Nd7 23. Re1 e5 24. dxe5 Nxe5 25. Nxe5 fxe5 26. Qh5 1-0

[Event "Montreal Mercredi 08"]
[Site "Montreal CAN"]
[Date "2012.09.12"]
[Round "3"]
[White "O'Connor, Michael"]
[Black "Le Bas, Nicolas"]
[Result "1-0"]
[WhiteElo "1619"]
[BlackElo "1614"]
[PlyCount "101"]
[GameId "2160767909445471"]
[EventDate "2012.08.29"]
[EventType "swiss"]
[EventRounds "5"]
[EventCountry "CAN"]
[SourceTitle "EXT 2022"]
[Source "ChessBase"]
[SourceDate "2021.10.06"]
[SourceVersion "1"]
[SourceVersionDate "2021.10.06"]
[SourceQuality "1"]

1. d4 Nf6 2. Nf3 g6 3. c4 Bg7 4. Nc3 O-O 5. e4 d6 6. Be2 Nc6 7. h3 e5 8. d5 Ne7 9. b4 Ne8 10. Bg5 h6 11. Bh4 g5 12. Bg3 f5 13. Nd2 Nf6 14. f3 b6 15. Rc1 Ng6 16. c5 Nh5 17. Bf2 Nhf4 18. g3 Nxe2 19. Qxe2 bxc5 20. bxc5 a5 21. a4 Rf7 22. Nb5 Ba6 23. exf5 Rxf5 24. Qe4 Ne7 25. cxd6 cxd6 26. O-O Bb7 27. Nc3 Rf6 28. Rb1 Qc8 29. Rfc1 Ba6 30. Kg2 Qf5 31. Qxf5 Nxf5 32. Nde4 Rg6 33. Nb5 Bxb5 34. Rxb5 Bf6 35. Rc6 Bd8 36. g4 Nh4+ 37. Bxh4 gxh4 38. Rxd6 Rxd6 39. Nxd6 Kf8 40. Kf2 Bg5 41. Rc5 Ke7 42. Nf5+ Kd7 43. Ke2 Rb8 44. Rxa5 Rb2+ 45. Kd3 Rd2+ 46. Kc4 Rh2 47. Kc5 Rxh3 48. Ra7+ Kc8 49. Kc6 Kb8 50. Rb7+ Kc8 51. d6 1-0

[Event "Montreal Mercredi 08"]
[Site "Montreal CAN"]
[Date "2012.09.12"]
[Round "3"]
[White "Tremblay, Alain"]
[Black "Lopez Linares, Lizandro"]
[Result "1-0"]
[WhiteElo "2077"]
[BlackElo "2060"]
[PlyCount "58"]
[GameId "2160767909445472"]
[EventDate "2012.08.29"]
[EventType "swiss"]
[EventRounds "5"]
[EventCountry "CAN"]
[SourceTitle "EXT 2022"]
[Source "ChessBase"]
[SourceDate "2021.10.06"]
[SourceVersion "1"]
[SourceVersionDate "2021.10.06"]
[SourceQuality "1"]

1. e4 e6 2. d4 d5 3. Bd3 Nf6 4. Nd2 c5 5. e5 Nfd7 6. c3 Nc6 7. Ne2 cxd4 8. cxd4 f6 9. exf6 Nxf6 10. Nf3 Bd6 11. O-O O-O 12. Bg5 Qb6 13. Nc3 Bd7 14. Re1 Ng4 15. Bh4 g6 16. Na4 Qc7 17. Bg3 Bxg3 18. hxg3 Rf6 19. Rc1 Raf8 20. Nc5 Bc8 21. Bb5 Qd6 22. Bxc6 bxc6 23. Qd2 h6 24. Re2 Kg7 25. Rf1 R6f7 26. b4 Re7 27. Rfe1 Bd7 28. a3 Be8 29. Rxe6 Rxe6 1-0

[Event "Montreal Mercredi 08"]
[Site "Montreal CAN"]
[Date "2012.09.12"]
[Round "3"]
[White "Weston, Paul"]
[Black "Giroux, Robert"]
[Result "1/2-1/2"]
[WhiteElo "1912"]
[BlackElo "1870"]
[PlyCount "147"]
[GameId "2160767909445473"]
[EventDate "2012.08.29"]
[EventType "swiss"]
[EventRounds "5"]
[EventCountry "CAN"]
[SourceTitle "EXT 2022"]
[Source "ChessBase"]
[SourceDate "2021.10.06"]
[SourceVersion "1"]
[SourceVersionDate "2021.10.06"]
[SourceQuality "1"]

1. d4 d6 2. g3 Nf6 3. Bg2 c6 4. Nf3 Bg4 5. Nbd2 e6 6. O-O Be7 7. c4 Nbd7 8. Qb3 Qb6 9. Qxb6 axb6 10. b3 O-O 11. e4 Ra5 12. Bb2 Rfa8 13. a4 d5 14. e5 Ne8 15. Bc3 R5a7 16. cxd5 exd5 17. Rfe1 Nc7 18. Bf1 Bf5 19. h3 h6 20. Nh2 b5 21. axb5 Rxa1 22. Rxa1 Rxa1 23. Bxa1 Nxb5 24. Bxb5 cxb5 25. g4 Bc2 26. f4 Bb4 27. Nhf1 Nb8 28. Kf2 Nc6 29. Ke2 Na5 30. Ne3 Bxd2 31. Kxd2 Bxb3 32. Kc3 Bc4 33. Kb4 Nb3 34. Bc3 b6 35. Bb2 Nd2 36. h4 Ne4 37. f5 Kf8 38. Bc3 Ke8 39. Be1 Kd7 40. Ng2 Kc6 41. Nf4 Bf1 42. e6 fxe6 43. Nxe6 Bh3 44. g5 hxg5 45. hxg5 Bxf5 46. Nxg7 Bg4 47. Bh4 Nd2 48. Bf2 Ne4 49. Be3 Nd6 50. Bf4 Nf5 51. Ne6 Bh5 52. Be5 Ne7 53. Bf6 Ng8 54. Nf4 Be8 55. Bd8 Bf7 56. g6 Be8 57. Bg5 Kd6 58. Bd8 Kc6 59. g7 Bf7 60. Bg5 Be8 61. Ne2 Kd6 62. Nf4 Kc6 63. Nd3 Kd6 64. Nf4 Kc6 65. Kc3 Kd6 66. Kb3 Bf7 67. Ka3 Be8 68. Ng2 Ke6 69. Ne3 Bc6 70. Kb4 Kf7 71. Nf5 Kg6 72. Ne7+ Nxe7 73. Bxe7 Kxg7 74. Bd8 1/2-1/2

[Event "Montreal Mercredi 08"]
[Site "Montreal CAN"]
[Date "2012.09.14"]
[Round "3"]
[White "Chiku-Ratte, Olivier-Kenta"]
[Black "Levkovsky, Alexandre"]
[Result "1-0"]
[WhiteElo "2174"]
[BlackElo "2228"]
[PlyCount "69"]
[GameId "2160767909445474"]
[EventDate "2012.08.29"]
[EventType "swiss"]
[EventRounds "5"]
[EventCountry "CAN"]
[SourceTitle "EXT 2022"]
[Source "ChessBase"]
[SourceDate "2021.10.06"]
[SourceVersion "1"]
[SourceVersionDate "2021.10.06"]
[SourceQuality "1"]

1. d4 Nf6 2. c4 e6 3. Nc3 Bb4 4. e3 d5 5. Nf3 O-O 6. Bd3 c5 7. O-O Nc6 8. a3 dxc4 9. Bxc4 Ba5 10. Bd3 a6 11. Ne4 cxd4 12. exd4 h6 13. Be3 Bc7 14. Qd2 Nxe4 15. Bxe4 f5 16. Bxc6 bxc6 17. Bf4 Rb8 18. Bxc7 Qxc7 19. Rac1 Rb5 20. b4 Rd8 21. Qc3 g5 22. Ne5 Bb7 23. Qe3 Qd6 24. Rfd1 Qd5 25. Qh3 c5 26. bxc5 g4 27. Qg3 Rxc5 28. h3 Rcc8 29. hxg4 f4 30. Qh3 Rxc1 31. Rxc1 Qxd4 32. Qh5 Be4 33. Qf7+ Kh8 34. Qf6+ Kg8 35. Rc7 1-0

[Event "Montreal Mercredi 08"]
[Site "Montreal CAN"]
[Date "2012.09.19"]
[Round "4"]
[White "Barko, Maxim"]
[Black "Lopez Linares, Cesar"]
[Result "1-0"]
[WhiteElo "1667"]
[BlackElo "1694"]
[PlyCount "47"]
[GameId "2160767909445475"]
[EventDate "2012.08.29"]
[EventType "swiss"]
[EventRounds "5"]
[EventCountry "CAN"]
[SourceTitle "EXT 2022"]
[Source "ChessBase"]
[SourceDate "2021.10.06"]
[SourceVersion "1"]
[SourceVersionDate "2021.10.06"]
[SourceQuality "1"]

1. d4 Nf6 2. c4 e6 3. Nc3 Bb4 4. Qc2 Nc6 5. Nf3 d6 6. Bg5 Qe7 7. e3 O-O 8. Bd3 h6 9. h4 e5 10. Nd2 Bxc3 11. bxc3 Nb8 12. O-O-O c6 13. Ne4 Nbd7 14. Ng3 d5 15. cxd5 cxd5 16. Nf5 Qa3+ 17. Kb1 e4 18. Bb5 hxg5 19. hxg5 Nh7 20. Rxh7 Kxh7 21. Rh1+ Kg8 22. Qa4 g6 23. Qxa3 gxf5 24. Qe7 1-0

[Event "Montreal Mercredi 08"]
[Site "Montreal CAN"]
[Date "2012.09.19"]
[Round "4"]
[White "Chiku-Ratte, Olivier-Kenta"]
[Black "Tremblay, Alain"]
[Result "1-0"]
[WhiteElo "2174"]
[BlackElo "2077"]
[PlyCount "71"]
[GameId "2160767909445476"]
[EventDate "2012.08.29"]
[EventType "swiss"]
[EventRounds "5"]
[EventCountry "CAN"]
[SourceTitle "EXT 2022"]
[Source "ChessBase"]
[SourceDate "2021.10.06"]
[SourceVersion "1"]
[SourceVersionDate "2021.10.06"]
[SourceQuality "1"]

1. d4 Nf6 2. c4 g6 3. Nc3 d5 4. cxd5 Nxd5 5. e4 Nxc3 6. bxc3 Bg7 7. Nf3 O-O 8. Be2 c5 9. Rb1 b6 10. O-O Qc7 11. Bg5 Nc6 12. d5 Ne5 13. c4 f5 14. exf5 Bxf5 15. Rb3 Qd6 16. Re3 Rae8 17. Bf4 Nxf3+ 18. Rxf3 Qd7 19. Re3 e6 20. Bf3 exd5 21. Bxd5+ Kh8 22. Rfe1 Bd4 23. Be5+ Rxe5 24. Rxe5 Bxf2+ 25. Kxf2 Bc2+ 26. Qf3 Rxf3+ 27. Kxf3 Ba4 28. Re6 Qf7+ 29. Kg3 Qf5 30. Re7 Qg5+ 31. Kf2 Qd2+ 32. Kg1 a5 33. Rf1 Qh6 34. Rb7 Qe3+ 35. Kh1 Qe8 36. Ra7 1-0

[Event "Montreal Mercredi 08"]
[Site "Montreal CAN"]
[Date "2012.09.19"]
[Round "4"]
[White "Cote, Philippe"]
[Black "O'Connor, Michael"]
[Result "1/2-1/2"]
[WhiteElo "1655"]
[BlackElo "1619"]
[PlyCount "56"]
[GameId "2160767909445477"]
[EventDate "2012.08.29"]
[EventType "swiss"]
[EventRounds "5"]
[EventCountry "CAN"]
[SourceTitle "EXT 2022"]
[Source "ChessBase"]
[SourceDate "2021.10.06"]
[SourceVersion "1"]
[SourceVersionDate "2021.10.06"]
[SourceQuality "1"]

1. e4 c5 2. Nf3 Nc6 3. d4 cxd4 4. Nxd4 Nf6 5. Nc3 e5 6. Ndb5 d6 7. Bd3 Be7 8. O-O O-O 9. Nd5 a6 10. Nbc3 b5 11. Nxf6+ Bxf6 12. Nd5 Bg5 13. Qh5 Bxc1 14. Raxc1 Ne7 15. Nxe7+ Qxe7 16. f4 g6 17. Qe2 f5 18. fxe5 dxe5 19. c4 bxc4 20. Rxc4 Be6 21. Rc6 Bxa2 22. exf5 gxf5 23. Bxf5 Bd5 24. Rh6 Rf7 25. Rxa6 Rxa6 26. Qxa6 Qc5+ 27. Kh1 Bc4 28. Qa8+ Kg7 1/2-1/2

[Event "Montreal Mercredi 08"]
[Site "Montreal CAN"]
[Date "2012.09.19"]
[Round "4"]
[White "Gauthier, Denis"]
[Black "Boudreau, Daniel"]
[Result "1/2-1/2"]
[WhiteElo "1992"]
[BlackElo "1933"]
[PlyCount "88"]
[GameId "2160767909445478"]
[EventDate "2012.08.29"]
[EventType "swiss"]
[EventRounds "5"]
[EventCountry "CAN"]
[SourceTitle "EXT 2022"]
[Source "ChessBase"]
[SourceDate "2021.10.06"]
[SourceVersion "1"]
[SourceVersionDate "2021.10.06"]
[SourceQuality "1"]

1. d4 Nf6 2. c4 e6 3. Nf3 c5 4. d5 exd5 5. cxd5 d6 6. e4 a6 7. Nc3 b5 8. Qc2 Qe7 9. Bg5 h6 10. Bxf6 Qxf6 11. Be2 Bg4 12. O-O Bxf3 13. Bxf3 Nd7 14. Be2 Be7 15. f4 O-O 16. Bg4 Rad8 17. Rae1 Qd4+ 18. Kh1 c4 19. Ne2 Qc5 20. Ng3 Bh4 21. Rf3 Nf6 22. Bf5 Rfe8 23. Re2 Re7 24. Nf1 g6 25. Bh3 Nh7 26. Ne3 Rde8 27. Ng4 h5 28. Nf2 Bxf2 29. Rfxf2 Rxe4 30. g3 Rxe2 31. Rxe2 Qxd5+ 32. Bg2 Rxe2 33. Qxe2 Qe6 34. Qd2 Nf6 35. h3 Ne4 36. Qe3 d5 37. Kh2 Qf5 38. a3 a5 39. Bf3 b4 40. g4 hxg4 41. hxg4 Qf6 42. Bxe4 dxe4 43. Qxe4 Qxb2+ 44. Kg1 bxa3 1/2-1/2

[Event "Montreal Mercredi 08"]
[Site "Montreal CAN"]
[Date "2012.09.19"]
[Round "4"]
[White "Lacroix, Serge"]
[Black "Baran, Marius"]
[Result "1-0"]
[WhiteElo "1795"]
[BlackElo "1769"]
[PlyCount "75"]
[GameId "2160767909445479"]
[EventDate "2012.08.29"]
[EventType "swiss"]
[EventRounds "5"]
[EventCountry "CAN"]
[SourceTitle "EXT 2022"]
[Source "ChessBase"]
[SourceDate "2021.10.06"]
[SourceVersion "1"]
[SourceVersionDate "2021.10.06"]
[SourceQuality "1"]

1. e4 c5 2. Nf3 d6 3. d4 cxd4 4. Nxd4 Nf6 5. Nc3 a6 6. Bg5 e6 7. a4 Be7 8. Bc4 O-O 9. O-O Qc7 10. Bb3 Nbd7 11. Qd2 Nc5 12. Rae1 Bd7 13. f4 Nxb3 14. Nxb3 b5 15. axb5 axb5 16. e5 b4 17. exf6 bxc3 18. bxc3 Bxf6 19. Bxf6 gxf6 20. Qd4 e5 21. fxe5 fxe5 22. Qh4 f5 23. Qg5+ Kh8 24. Rf3 f4 25. Qe7 Rad8 26. Qg5 Be6 27. Rd1 d5 28. Re1 e4 29. Rff1 Qxc3 30. Rd1 Rg8 31. Qxf4 Rxg2+ 32. Kxg2 Rg8+ 33. Kh1 Qxc2 34. Qf6+ Rg7 35. Rg1 Qc7 36. Qxg7+ Qxg7 37. Rxg7 Kxg7 38. Nd4 1-0

[Event "Montreal Mercredi 08"]
[Site "Montreal CAN"]
[Date "2012.09.19"]
[Round "4"]
[White "Levkovsky, Alexandre"]
[Black "Cardin, Guillaume"]
[Result "1-0"]
[WhiteElo "2228"]
[BlackElo "2094"]
[PlyCount "53"]
[GameId "2160767909445480"]
[EventDate "2012.08.29"]
[EventType "swiss"]
[EventRounds "5"]
[EventCountry "CAN"]
[SourceTitle "EXT 2022"]
[Source "ChessBase"]
[SourceDate "2021.10.06"]
[SourceVersion "1"]
[SourceVersionDate "2021.10.06"]
[SourceQuality "1"]

1. e4 c5 2. Nf3 e6 3. d4 cxd4 4. Nxd4 a6 5. c4 Nf6 6. Nc3 Bb4 7. Bd3 Nc6 8. Nde2 d5 9. exd5 exd5 10. cxd5 Nxd5 11. O-O Nxc3 12. bxc3 Bd6 13. Qc2 Qh4 14. g3 Qh5 15. Nf4 Bxf4 16. Bxf4 O-O 17. Be4 Bg4 18. Rab1 Rac8 19. f3 Be6 20. Rxb7 Qc5+ 21. Qf2 Qa3 22. Rb6 Na5 23. Bd6 Qxc3 24. Bb4 Qe5 25. Re1 f5 26. Bb1 Qd5 27. Rbxe6 1-0